Cuadernos tipográficos. 2, Patrimonio gráfico y práctica de la tipografía en contextos latinoamericanos de diversidad cultural y lingüística /

Bibliographic Details
Other Authors: Orozco-Álvarez, Marisol (Editor), Sandoval Sarmiento, Laura Judith (Editor)
Format: Electronic eBook
Language:Spanish
Published: Popayán, Colombia : Editorial Universidad del Cauca, 2023.
Edition:Primera edición en español.
Subjects:
Online Access:Digitalia Hispánica

MARC

LEADER 00000nam a2200000 i 4500
001 DIGUCAUCA0134
003 NyNyDIG
006 m o d
007 cr |||||||||||
008 231007s2023 ck a ob 001 0 spa d
035 |a (OCoLC)1402839208 
040 |a DGITA  |b eng  |e rda  |e pn  |c DGITA 
020 |a 9789587325645  |q digital 
020 |z 9789587325638  |q impreso 
043 |a s-ck--- 
050 1 4 |a Z251.S75 ebook 
245 0 0 |a Cuadernos tipográficos.  |n 2,  |p Patrimonio gráfico y práctica de la tipografía en contextos latinoamericanos de diversidad cultural y lingüística /  |c Marisol Orozco-Álvarez, Laura J. Sandoval Sarmiento, compiladoras. 
246 3 0 |a Patrimonio gráfico y práctica de la tipografía en contextos latinoamericanos de diversidad cultural y lingüística  
250 |a Primera edición en español. 
264 1 |a Popayán, Colombia :  |b Editorial Universidad del Cauca,  |c 2023. 
300 |a 1 online resource :  |b illustrations. 
336 |a text  |b txt  |2 rdacontent 
337 |a computer file  |b c  |2 rdamedia 
338 |a online resource  |b cr  |2 rdacarrier 
347 |a text file  |2 rdaft 
347 |b PDF 
504 |a Includes bibliographical references and Index. 
588 0 |a Online resource; title from PDF title page (Digitalia, viewed October 7, 2023) 
650 0 |a Graphic design (Typography)  |x Study and teaching  |z Colombia. 
650 0 |a Printing  |x Study and teaching  |z Colombia. 
700 1 |a Orozco-Álvarez, Marisol,  |e editor. 
700 1 |a Sandoval Sarmiento, Laura Judith,  |e editor. 
776 0 8 |i Print version:  |t Cuadernos tipográficos. 2.  |b Primera edición en español.  |d Popayán, Colombia : Editorial Universidad del Cauca, 2023  |z 9789587325638 
791 2 |a Digitalia (Firm),  |e distributor. 
793 0 |g Digitalia eBook Collection:  |a Universidad del Cauca 
856 4 0 |3 Digitalia Hispánica  |u https://www.digitaliapublishing.com/a/129849/ 
910 |a Premium collection: 2023